| 000 | nam a22 a 4500 | ||
|---|---|---|---|
| 999 |
_c2423 _d2423 |
||
| 005 | 20170516122108.0 | ||
| 008 | 170516b1984 - ||||| |||| 00| 0 eng d | ||
| 020 | _a053432400 | ||
| 040 | _aAKMAL | ||
| 082 | _a513.142 JOH | ||
| 090 |
_a513.142 _bJOH |
||
| 245 |
_aESSENTIAL ARITHMETIC _cJOHNSTON / WILLIS / HUGHES |
||
| 260 |
_aUNITES STATES OF AMERICA _bWADSWORTH PUBLISHING _c1984 |
||
| 300 |
_a534pg,; _c40 cm |
||
| 942 |
_2ddc _cBOOK |
||